|
|
|
|
| LEADER |
00000nam0a2200000 4500 |
| 001 |
295058 |
| 005 |
20231102000753.0 |
| 020 |
|
|
|a RU
|b 83-69232
|
| 035 |
|
|
|a (RuTPU)RU\TPU\book\320134
|
| 090 |
|
|
|a 295058
|
| 100 |
|
|
|a 20150520d1983 m y0rusy5003 ca
|
| 101 |
0 |
|
|a rus
|
| 102 |
|
|
|a RU
|
| 105 |
|
|
|a a z 001zy
|
| 200 |
1 |
|
|a Физико-химические аспекты разработки нефтехимических процессов
|e сборник научных трудов
|f под ред. В. А. Рыбакова
|
| 210 |
|
|
|a Москва
|c Изд-во ЦНИИТЭнефтехим
|d 1983
|
| 215 |
|
|
|a 100 с.
|c ил.
|
| 320 |
|
|
|a Библиография в конце статей
|
| 606 |
1 |
|
|a Нефтехимические процессы
|2 stltpush
|3 (RuTPU)RU\TPU\subj\78082
|9 87794
|
| 610 |
1 |
|
|a разработка
|
| 610 |
1 |
|
|a физико-химические основы
|
| 610 |
1 |
|
|a физико-химические равновесия
|
| 610 |
1 |
|
|a химические реакции
|
| 610 |
1 |
|
|a кинетика
|
| 610 |
1 |
|
|a каталитическая активность
|
| 610 |
1 |
|
|a квантово-химические методы
|
| 675 |
|
|
|a 665.65
|z rus
|v 4
|
| 702 |
|
1 |
|a Рыбаков
|b В. А.
|4 340
|
| 801 |
|
0 |
|a RU
|b RuMRKP
|c 19950704
|g psbo
|
| 801 |
|
1 |
|a RU
|b 63413507
|c 20150520
|
| 801 |
|
2 |
|a RU
|b 63413507
|c 20181127
|g RCR
|
| 942 |
|
|
|c BK
|